000 00518nam a22002057a 4500
003 OSt
005 20160727144825.0
008 160727b xxu||||| |||| 00| 0 eng d
020 _a0764578162
040 _cDDC.
082 _a004.6THU 2005.
100 _aThurrot Paul;
_910486
245 _aWindows XP :
_bHome Networking.
250 _a2nd ed.
260 _aUK.
_bWiley Publishers.
_c2005.
300 _axxvi,430p;
_bill;
_c25cm.
504 _aincludes index.
650 _aNetworking.
_9615
942 _2ddc
_cO_SHELF
999 _c4882
_d4882